Statistics for Orlando Magic 2020's Starters

Click here to take the quiz!

General Stats

  • This quiz has been taken 77 times
    (26 since last reset)
  • The average score is 9 of 15

Answer Stats

PlayerStarts% Correct
Franz Wagner3
100%
Paolo Banchero2
96%
Jalen Suggs2
87%
Cole Anthony2
78%
Wendell Carter Jr.3
78%
Nikola Vučević2
74%
Jonathan Isaac1
70%
Markelle Fultz2
70%
Anthony Black1
65%
Gary Harris1
61%
Evan Fournier1
52%
Aaron Gordon2
48%
Mo Bamba1
35%
Dwayne Bacon1
4%
James Ennis III1
4%

Score Distribution

Percentile by Number Answered

Percent of People with Each Score

Your Score History

You have not taken this quiz since the last reset